• 首页
  • 本馆介绍
  • 公告通知
  • 最新文献
  • 馆藏检索
  • 电子资源
  • 读者导购
  • 参考咨询
  • 我的图书馆
  • 登录
  • 详细信息显示
  • 放入我的书架
  • 预约/预借图书
  • 作者相关作品
  • 分类相关作品
  • 丛书相关作品
  • 出版社相关作品

书目信息

  • 表格格式
  • 工作单格式
  • 卡片格式
题名:
汽车底盘构造与检修
    
 
作者: 沈锦 编著
分册:  
出版信息: 北京   机械工业出版社  2020.8
页数: 409页
开本: 26cm
丛书名:
单 册:
中图分类: U463.1 , U472.41
科图分类:
主题词: 汽车--底盘--构造--技术培训--教材 , 汽车--底盘--检修--技术培训--教材
电子资源:
ISBN: 978-7-111-45180-8
000 01194nam0 2200277 45
001 012001000573
005 20211012144446.15
010    @a978-7-111-45180-8@dCNY55.00
100    @a20140307d2014 em y0chiy50 ea
101 0  @achi
102    @aCN@b110000
105    @aa z 000yy
106    @ar
200 1  @a汽车底盘构造与检修@Aqi che di pan gou zao yu jian xiu@b专著@f沈锦编著
205    @a2版
210    @a北京@c机械工业出版社@d2020.8
215    @a409页@c图@d26cm
300    @a汽车维修职业技术基础教材
330    @a本书详细介绍了汽车维修技术人员所必需的现代汽车底盘及各总成的结构、工作原理、检修、调试、故障诊断与排除等知识,并重点讲述了自动变速器、电子控制悬架、电子控制四轮驱动与四轮转向、巡航控制系统、汽车防滑(ABS/ ASR)控制系统的结构、检修和故障诊断。书中还对电控制动分配调节装置(EBD)、电控行驶平稳系统(ESP)、电控液压制动系统(EHB)、电控制动系统(EBS)、全电路制动系统(BBW)等汽车新技术进行了必要的讲解。
606 0  @a汽车@x底盘@x构造@x技术培训@j教材
606 0  @a汽车@x底盘@x检修@x技术培训@j教材
690    @aU463.1@v5
690    @aU472.41@v5
701  0 @a沈锦@Ashen jin@c(汽车维修)@4编著
801  0 @aCN@bBJSDL@c20211011
905    @b1331753-6@dU463.1@e1013=2@f4
    
    汽车底盘构造与检修/沈锦编著.-2版.-北京:机械工业出版社,2020.8
    409页:图;26cm
    汽车维修职业技术基础教材
    
    ISBN 978-7-111-45180-8:CNY55.00
    本书详细介绍了汽车维修技术人员所必需的现代汽车底盘及各总成的结构、工作原理、检修、调试、故障诊断与排除等知识,并重点讲述了自动变速器、电子控制悬架、电子控制四轮驱动与四轮转向、巡航控制系统、汽车防滑(ABS/ ASR)控制系统的结构、检修和故障诊断。书中还对电控制动分配调节装置(EBD)、电控行驶平稳系统(ESP)、电控液压制动系统(EHB)、电控制动系统(EBS)、全电路制动系统(BBW)等汽车新技术进行了必要的讲解。
●
相关链接 在E读中查询图书 在五车中查询图书 在当当中查询图书 在豆瓣中查询图书


正题名:汽车底盘构造与检修     索取号:U463.1/1013=2         预约/预借

序号 登录号 条形码 馆藏地/架位号 状态 备注
1 1331753   213317533   第二样本阅览室/ [索取号:U463.1/1013=2] 在馆    
2 1331754   213317542   第三借阅区/ [索取号:U463.1/1013=2] 在馆    
3 1331755   213317551   第三借阅区/ [索取号:U463.1/1013=2] 在馆    
4 1331756   213317560   第三借阅区/ [索取号:U463.1/1013=2] 在馆    
唐山师范学院图书馆 欢迎您!
大连网信软件有限公司© 版权所有